[Event "Norderstedt op 5th"]
[Site "Norderstedt"]
[Date "2005.03.28"]
[Round "2.28"]
[White "Robaszkiewicz, Marc"]
[Black "Geibel, Henning"]
[Result "1-0"]
[WhiteElo "1592"]
[BlackElo "1208"]
[PlyCount "83"]
[EventDate "2005.03.27"]
[EventType "swiss"]
[EventRounds "7"]
[EventCountry "GER"]
[SourceTitle "EXT 2006"]
[Source "ChessBase"]
[SourceDate "2005.11.24"]
[SourceVersion "1"]
[SourceVersionDate "2005.11.24"]
[SourceQuality "1"]

1. d4 Nf6 2. c4 d5 3. cxd5 Nxd5 4. e4 Nb6 5. Nc3 a6 6. Bg5 h6 7. Bh4 N8d7 8. e5 g5 9. Bg3 e6 10. Bd3 Bb4 11. Nf3 Nd5 12. Qc2 Bxc3+ 13. bxc3 Nf4 14. 0-0 Nxd3 15. Qxd3 Nb6 16. h4 Bd7 17. Qb1 f5 18. exf6 Qxf6 19. Be5 Qf8 20. Qg6+ Kd8 21. Qf6+ Qxf6 22. Bxf6+ Ke8 23. Bxh8 Ke7 24. Be5 Nd5 25. c4 Nb6 26. hxg5 hxg5 27. Nxg5 Nxc4 28. Rfc1 b5 29. Bxc7 Rc8 30. Be5 Rg8 31. f4 Ne3 32. Rc7 a5 33. Rac1 Nf5 34. R1c6 Kd8 35. Bf6+ Ne7 36. Bxe7+ Kxe7 37. Ra6 a4 38. Raa7 Rd8 39. Nf7 Kxf7 40. Rxd7+ Ke8 41. Rxd8+ Kxd8 42. Rb7 1-0

[Event "Norderstedt op 5th"]
[Site "Norderstedt"]
[Date "2005.03.28"]
[Round "7.23"]
[White "Robaszkiewicz, Marc"]
[Black "Raedisch, Peter"]
[Result "0-1"]
[WhiteElo "1592"]
[BlackElo "1647"]
[PlyCount "68"]
[EventDate "2005.03.27"]
[EventType "swiss"]
[EventRounds "7"]
[EventCountry "GER"]
[SourceTitle "EXT 2006"]
[Source "ChessBase"]
[SourceDate "2005.11.24"]
[SourceVersion "1"]
[SourceVersionDate "2005.11.24"]
[SourceQuality "1"]

1. d4 d5 2. c4 dxc4 3. Bf4 a6 4. e3 b5 5. a4 Bb7 6. b3 b4 7. bxc4 e6 8. Nf3 c5 9. Nbd2 Nc6 10. Nb3 cxd4 11. exd4 Nf6 12. Be2 Ne4 13. 0-0 Nc3 14. Qd3 Be7 15. Bd2 Nxe2+ 16. Qxe2 0-0 17. a5 Rb8 18. Qe1 Ba8 19. Ra4 Qd7 20. Ra2 Bd6 21. Kh1 Rfd8 22. Qb1 Be7 23. Re1 Qb7 24. Re4 Nxa5 25. Nc5 Bxc5 26. Rh4 g6 27. Rxa5 Bxd4 28. Rg5 Bg7 29. Rg3 Qb6 30. Rhg4 Qxf2 31. Bg5 Rd7 32. Rh3 Qe2 33. Qb3 Rd1+ 34. Ng1 Rxg1+ 0-1